| 000 | 00428cam a2200181 4500 | ||
|---|---|---|---|
| 001 | D13289 | ||
| 008 | 090401t1925 xxu||||| |||| 00| 0 eng d | ||
| 035 | _a(Sirsi) u94405 | ||
| 041 | _aeng | ||
| 100 | _aLitchfield, Frederick | ||
| 245 | _aPottery and porcelain: a guide to collectors | ||
| 250 | _a4th | ||
| 260 |
_aLondon _bA & C Black _c1925 |
||
| 350 | _a0 | ||
| 520 | _aShelf 105 | ||
| 942 | _n0 | ||
| 948 | _c04/03/1997 | ||
| 999 |
_c98021 _d98021 |
||